| 000 | 00558cas a22001815a 4500 | ||
|---|---|---|---|
| 001 | L138052 | ||
| 008 | 070514d2001 xxkur p 0 a0eng u | ||
| 035 | _a(Sirsi) u138052 | ||
| 041 | 0 | _aeng | |
| 110 | 2 |
_aRoyal Institution of Chartered Surveyors _bPlanning and Development Faculty _94351 |
|
| 245 | 0 | 0 | _aPlanning and Development Faculty News Bulletin |
| 260 |
_aLondon _bRICS _c[2001]- |
||
| 362 | 0 | _a(2) February 2002-February 2003 | |
| 554 | _aUnknown | ||
| 651 | 4 |
_aEngland and Wales _y1543- |
|
| 690 |
_aPlanning and development _96259 |
||
| 942 | _n0 | ||
| 999 |
_c118932 _d118932 |
||